000 00606nam a22001937a 4500
999 _c21061
_d21061
003 AR-CdUCM
008 190726b ||||| |||| 00| 0 spa d
020 _a99729651-1-2
040 _aMUNICIPALIDAD PROVINCIAL DEL CUSCO
_cBIBLIOTECA MUNICIPAL DEL CUSCO
082 _aES / 865.6 /
_bP13
100 _aPacho Turpo, Alejandra
_943856
245 _aApu Mallmalla. Protector de Checacupe /
260 _aCusco :
_bAsociación Pukllasunchis,
_c2001.
300 _a19 pƔginas ;
_bilustraciones ;
_c30 cm.
650 _aCuentos andinos
_966
650 _aLiteratura
_983
942 _2ddc
_cLIBROS
945 _azta